Fr. Conceicao Rodrigues College of Engineering

Control system Engineering (Record no. 22385)

MARC details
000 -LEADER
fixed length control field 00331nam a2200157Ia 4500
082 ## - DEWEY DECIMAL CLASSIFICATION NUMBER
Classification number 629.8
Item number NIS
100 ## - MAIN ENTRY--PERSONAL NAME
Personal name Nise/Norman S
250 ## - EDITION STATEMENT
Edition statement 4
245 ## - TITLE STATEMENT
Title Control system Engineering
260 ## - PUBLICATION, DISTRIBUTION, ETC.
Name of publisher, distributor, etc. John Wiley & Sons
Date of publication, distribution, etc. 2004
300 ## - PHYSICAL DESCRIPTION
Extent 983
546 ## - LANGUAGE NOTE
Language note ENGLISH
654 ## - SUBJECT ADDED ENTRY--FACETED TOPICAL TERMS
Focus term control engineering
942 ## - ADDED ENTRY ELEMENTS (KOHA)
Koha item type BOOK
Holdings
Withdrawn status Lost status Damaged status Not for loan Collection Home library Current library Date acquired Total Checkouts Full call number Barcode Date last seen Price effective from Koha item type
        CRC Fr. Agnel's C.Rodrigues College of Engineering Fr. Agnel's C.Rodrigues College of Engineering 17/03/2023   629.8 NIS 14808 17/03/2023 17/03/2023 BOOK
        CRC Fr. Agnel's C.Rodrigues College of Engineering Fr. Agnel's C.Rodrigues College of Engineering 17/03/2023   629.8 NIS 14809 17/03/2023 17/03/2023 Reference Book